00457nam a2200181Ia 4500003000400000005001700004008004100021020001500062024000700077040000700084041000800091082001700099100004800116245002900164260005200193300001700245365001300262OSt20230330151749.0210423s2005 xx 000 0 und d a8126123974 cAL cAL aeng a658.403 SRIS aSRIVASTAVA (Satish Chandra);SRIVASTAVA (S). aQuantitative techniques. aNew DelhibAffiliated East West Press Ltdc2005 aviii,796bPB b395cINR